[Event "POL-ch 67th"]
[Site "Warsaw"]
[Date "2010.01.14"]
[Round "6"]
[White "Bartel, Mateusz"]
[Black "Krasenkow, Michal"]
[Result "1-0"]
[WhiteElo "2614"]
[BlackElo "2655"]
[Annotator "Bartel,M"]
[PlyCount "79"]
[EventDate "2010.01.09"]
[EventType "swiss"]
[EventRounds "9"]
[EventCountry "POL"]
[SourceTitle "CBM 134 Extra"]
[Source "ChessBase"]
[SourceDate "2010.03.03"]
[SourceVersion "1"]
[SourceVersionDate "2010.03.03"]
[SourceQuality "1"]

1. e4 c5 2. Nf3 Nc6 3. Bb5 e6 4. O-O Nge7 5. c3 a6 6. Ba4 c4 7. d4 cxd3 8. Bf4
{An interesting idea of Bartlomiej Macieja. White takes control over the h2-b8
diagonal, which creates some problems with the black squares for Black.} Ng6 9.
Bg3 b5 10. Bb3 Na5 11. Qxd3 Nxb3 12. axb3 Bb7 13. c4 {A logical novelty
compared to the game B. Macieja - M. Krasenkow, Najdorf Memorial 2009. Macieja
then chose 13. b4, but he didn't obtain any serious advantage. It's very
interesting that 13. c4 is a suggestion of ... Michal Krasenkow. He published
it in his comments in Chess Informant. I was told about it only after the game,
which was a big surprise to me. From my point of view, pushing the c-pawn is
much more logical - White wants to stop ...d7-d5 and put pressure on the
d-file.} Be7 (13... b4 $5 14. Nbd2 Be7 15. Bd6 {White should be better,
although Black's position with the pair of bishops still is not that bad -
maybe it's possible to get some counterplay connected with ...f7-f5?}) 14. Nc3
b4 (14... Qb6 {This is certainly logical in conjunction with the pair of
bishops, but I don't believe it's solving Black's problems.}) 15. Na4 $1 {
This is what my opponent underestimated. At first sight the knight is cut off
on a4, but in fact it's extremely dangerous. Black has nothing better than
exchanging this knight as soon as possible, otherwise c4-c5 and than Na4-b6
will come.} O-O 16. Rfd1 (16. c5 $2 {due to} f5 $1) 16... Bc6 (16... f5 {
is a mistake due to} 17. exf5 exf5 18. Ne5 $1 f4 19. Nxg6 hxg6 20. Qxd7 $1) 17.
Nd4 Bxa4 18. Rxa4 $1 {My opponent expected me to recapture with the pawn, but
the text move is much stronger. Now Black is surely worse - the pawns a6 and
d7 are weak and the black knight on g6 is badly placed.} Qb6 19. Nf3 {
Multi-functional move. Sometimes it helps to play Bd6, sometimes the pawn on
d7 is hanging, but the most important role of this move is to prepare h2-h4.}
Qb7 $2 {A very serious mistake, which gives White the important a5-square for
his rook, but it's not easy to say what is the correct option. If Black plays .
..a5, then White can at some point return with his knight:: Nf3-d4-b5.} 20. h4
$1 {It's visible that Black is in a serious troubles now. If you don't stop
the h4-pawn it's extremely dangerous for the black king, and if you stop this
guy...} h5 $2 {... you can almost resign due to...} 21. Ra5 $1 {... and the
pawn on h5 is lost. That's why ...Qb7 was a big mistake. Now the game is in
fact finished, however some technique is still needed.} f6 22. Rxh5 (22. Qxd7 {
was also good enough.}) 22... e5 23. Rf5 Bc5 24. h5 $1 {A so-called human
decision. Computers would never do this, but they would be happy with a pawn
up. But from the human point of view it's much easier to play this position
without the black knight, with completely blocked Black's position.} Ne7 25.
Nh4 Nxf5 26. Nxf5 d6 27. Qf3 (27. Bh4 Qf7 28. Qe2 {and then with Rd3-Rg3 the
rook comesinto the attack first..}) 27... Qf7 (27... a5 {to create some
counterplay, but probably it's not really serious.}) 28. Qg4 Kh7 (28... Kh8 {
to avoid Rg7+ in some lines, but of course it seems to be suspicious when the
knight can so quickly move to g6.}) 29. Rd3 Rh8 (29... a5 {but the white
attack is pretty fast.}) 30. Bh4 Kg8 31. Rg3 Rh7 32. Qf3 a5 {This loses
immediately, but in such positions it's better to die immediately.} (32... Kf8
33. Rg6 {and after Qg4, h5-h6 will be decisive.}) (32... Qxh5 {there are
several solutions} 33. Rxg7+ Kf8 34. Rxh7 (34. Qxh5 Rxh5 35. Bxf6 Ra7 36. Rxa7
Bxa7 37. Be7+) 34... Qxh7 35. Bxf6 {and with such a king the game is over.})
33. Rxg7+ $1 {A simple trick.} Rxg7 34. Nh6+ Kf8 35. Nxf7 Rxf7 36. Bxf6 {
Now White is winning in all ways.} d5 37. h6 dxc4 38. Qf5 c3 39. bxc3 bxc3 40.
h7 1-0

[Event "CHN-CIS"]
[Site "Beijing"]
[Date "1991.??.??"]
[Round "?"]
[White "Ye, Jiangchuan"]
[Black "Ambartsoumian, Armen"]
[Result "1-0"]
[WhiteElo "2545"]
[BlackElo "2345"]
[Annotator "Blatny,P"]
[PlyCount "67"]
[EventDate "1991.??.??"]
[EventType "team"]
[EventRounds "9"]
[EventCountry "CHN"]
[SourceTitle "CBM 028"]
[Source "ChessBase"]
[SourceDate "1992.06.01"]
[SourceVersion "1"]
[SourceVersionDate "1992.06.01"]
[SourceQuality "1"]

1. e4 c5 2. Nf3 Nc6 3. Bb5 e6 4. O-O Nge7 5. c3 a6 6. Ba4 b5 7. Bc2 Bb7 8. d4
cxd4 9. Nxd4 (9. cxd4 $6 Nb4 $15 {^^}) 9... d5 10. Nxc6 Bxc6 11. e5 {
/\Nd2-f3-d4, ץc6} Ng6 12. Re1 Bc5 {/^a7-f2} 13. Be3 $1 {><d4} Bxe3 (13... Qb6
$142) 14. Rxe3 Qb6 15. Qg4 $5 {/\->>>} (15. Qd4) 15... Rd8 {/\d4} 16. Qd4 $8
Rb8 $1 (16... Qxd4 17. cxd4 $16 {<->c,Rc3,Rc1 Bc2>Bc6}) 17. Nd2 (17. a3 $142 a5
18. b4 $5 (18. Nd2 b4 19. axb4 axb4 20. Qxb6 Rxb6 21. Nf3 (21. c4 $5) 21...
bxc3 22. bxc3 {/\Nd4+/=}) 18... a4 19. Qxb6 Rxb6 20. Nd2 {/\Nf3-d4+/- ץc6 _|_}
) 17... b4 {׫ Pb2,c3} 18. Qg4 (18. Qxb6 Rxb6 19. cxb4 Rxb4 $10 {קb2,e5})
18... bxc3 19. bxc3 {/\Rb1} Qd8 {/^d8-h4} (19... Qb2 20. Rb1 Qxc2 21. Rxb8+ Kd7
(21... Ke7 $2 22. Qb4+ $18) 22. Rxh8 Qc1+ (22... Qxd2 23. h4 Qc1+ 24. Kh2 Nxh8
25. Qxg7 Ng6 26. Qxf7+ $18) 23. Nf1 Bb5 24. h4 Qxf1+ (24... Bxf1 {/\Be2} 25.
Kh2 Nxh8 26. Qxg7 Ng6 27. Qxf7+ $18) 25. Kh2 Nxh8 26. Qb4 $1 (26. Qxg7 Qxf2 $13
) 26... Ng6 (26... Qxf2 27. Rf3 Qb6 28. a4 $18) 27. h5 (27. Qd6+ $6 Ke8 28. Rf3
Qe1 $1 29. Qb8+ $10) 27... Qxf2 28. Rf3 Qh4+ 29. Qxh4 Nxh4 30. Rxf7+ Ke8 (30...
Kc6 31. Rxg7 Bd3 32. Kh3 $1 Nf5 33. Rxh7 $18) 31. Rxg7 h6 32. Rh7 Nf5 33. g4
Ne3 34. Kg3 Be2 35. Rxh6 Nxg4 (35... Bxg4 36. Kf4 $18) 36. Rg6 $1 $18) 20. Nf3
Bd7 21. h4 {/\h5 -> ><g7} h5 {><g5,g6} 22. Qg3 Rh6 $8 23. Ng5 {><f7} Ne7 (23...
Nf8 24. Rf3 f5 (24... f6 25. Nh7 $1 Kf7 $8 26. Nxf6 $1 gxf6 27. Qg5 $18) 25.
exf6 gxf6 26. Re1 Rb6 (26... fxg5 27. hxg5 Rh8 28. g6 $18) 27. Qf4 $1 {/\Nxe6+-
}) 24. Rae1 Rb6 25. Qf3 Nf5 $8 (25... f6 26. exf6 Rxf6 (26... gxf6 27. Nxe6 $18
) 27. Qxh5+ $18) 26. Bxf5 exf5 27. Qxd5 Be6 28. Qa5 $1 (28. Qxd8+ Kxd8 {
_|_ 6P:5P קa2,c3}) 28... Rc6 29. Qa4 {->K} Qc7 30. Rd1 {/\Rd6} Ke7 31. Qa3+
Rc5 32. Red3 {/\33.Ne6 Re6 (33...Ke6 34.Rd6 Ke5 35.f4 +-) 34.Rd7 Qd7 35.Rd7
Kd7 36.Qc5 +-} Qxe5 33. Re3 Qc7 34. Rd5 $1 1-0

[Event "Niksic"]
[Site "Niksic"]
[Date "1991.??.??"]
[Round "11"]
[White "Vukovic, Zdravko"]
[Black "Popchev, Milko"]
[Result "1-0"]
[WhiteElo "2395"]
[BlackElo "2450"]
[Annotator "Blatny,P"]
[PlyCount "101"]
[EventDate "1991.04.??"]
[EventType "tourn"]
[EventRounds "13"]
[EventCountry "YUG"]
[EventCategory "9"]
[SourceTitle "CBM 024"]
[Source "ChessBase"]
[SourceDate "1991.10.01"]
[SourceVersion "1"]
[SourceVersionDate "1991.10.01"]
[SourceQuality "1"]

1. e4 c5 2. b3 Nf6 (2... d6 {--> Vukovic-Strikovic} 3. Bb2 Nc6 (3... Nf6 4.
Bb5+ Bd7 5. Bxd7+ Qxd7 6. Bxf6 gxf6 7. Qh5 Nc6 8. Nc3 f5 9. Qxf5 Qxf5 10. exf5
Nd4 11. O-O-O Nxf5 12. Nf3 Rg8 {1/4:1/4 Spassky-Huebner, Buenos Aires (ol) 1978
}) 4. Bb5 Bd7 (4... Nf6 5. Nc3 a6 6. Bxc6+ bxc6 7. f4 g6 8. e5 Bg4 9. Nf3 dxe5
10. h3 Bxf3 11. Qxf3 Nd5 12. fxe5 $14 {Gufeld}) 5. Ne2 e6 6. O-O Nf6 7. d3 Be7
8. Nd2 O-O 9. Ng3 d5 10. f4 a6 11. Bxc6 Bxc6 12. Qe2 {Gurgenidze-Zaitschik,
USSR 1979}) (2... d5 {--> Grosar-Polgar,J CBM24}) (2... Nc6 3. Bb2 (3. Nf3 {
--> B30 Key}) 3... e5 (3... Nf6 4. e5 (4. Nc3 e5 5. f4 d5 6. exd5 Nxd5 7. Nxd5
Qxd5 8. Nf3 Bg4 9. fxe5 Nxe5 10. Bb5+ Kd8 $13 {Gaprindashvili-Legkij, USSR 1979
}) 4... Nd5 5. Nf3 d6 6. Bc4 dxe5 7. Nxe5 Nxe5 8. Bxe5 e6 9. Nc3 $14 {
Spassky-Sosonko, Tilburg 1978}) 4. g3 d6 5. Bg2 g6 6. Ne2 Bg7 7. O-O Nge7 8. d3
O-O 9. Nd2 Bg4 $10 {Czerniak-Bobocov, Athens 1968}) 3. e5 Nd5 4. Nf3 (4. Nc3 $5
e6 5. Ne4 f5 6. exf6 Nxf6 7. Bd3 Nxe4 8. Bxe4 Qf6 $13 {Gurgenidze-Lutikov,
USSR 1979}) 4... Nc6 5. Bb2 g6 6. Ng5 e6 7. Ne4 Nd4 8. Bc4 Qc7 9. Bxd5 Qxe5 10.
O-O Kd8 11. c3 Nf5 12. f4 Qg7 13. Bc4 d5 14. Bd3 dxe4 15. Bxe4 Nd6 16. d3 Bd7
17. Nd2 Be7 18. Nc4 Nxc4 19. dxc4 Rb8 20. Qf3 Kc7 21. Rad1 Rhd8 22. Rfe1 f5 23.
Bc2 Bc6 24. Qf2 Rxd1 25. Bxd1 Rd8 26. b4 Be4 27. Bc2 cxb4 28. Bxe4 bxc3 29.
Qxa7 fxe4 30. Qa5+ b6 31. Bxc3 bxa5 32. Bxg7 Bc5+ 33. Kf1 e3 34. Bc3 Ra8 35.
Ke2 Kc6 36. Rb1 Rf8 37. g3 g5 38. Be5 gxf4 39. Bxf4 h5 40. Rb5 h4 41. Rxa5 Bb6
42. Re5 $18 Ra8 43. Rxe6+ Kb7 44. gxh4 Rxa2+ 45. Kf3 Rf2+ 46. Kg3 Rc2 47. h5 e2
48. Kf3 Rxc4 49. Rxe2 Bc7 50. Bg5 Rc3+ 51. Kg4 1-0

[Event "San Francisco"]
[Site "San Francisco"]
[Date "1991.??.??"]
[Round "2"]
[White "Torre, Eugenio"]
[Black "Fedorowicz, John P"]
[Result "1-0"]
[WhiteElo "2530"]
[BlackElo "2555"]
[Annotator "Blatny,P"]
[PlyCount "45"]
[EventDate "1991.03.??"]
[EventType "tourn"]
[EventRounds "11"]
[EventCountry "USA"]
[EventCategory "12"]
[SourceTitle "CBM 023"]
[Source "ChessBase"]
[SourceDate "1991.08.01"]
[SourceVersion "1"]
[SourceVersionDate "1991.08.01"]
[SourceQuality "1"]

1. e4 c5 2. Nf3 Nc6 3. Bb5 e6 4. O-O Nge7 5. c3 a6 6. Ba4 b5 7. Bc2 d5 8. e5 d4
9. Be4 Bb7 10. d3 Ng6 11. Re1 Be7 12. cxd4 cxd4 13. Nbd2 O-O 14. Nb3 Rb8 15.
Bd2 b4 16. Rc1 Qb6 17. h4 $1 Rfc8 (17... Nxh4 18. Nxh4 Bxh4 19. Qh5 $18) (17...
h6 $142 18. h5 Nh8) 18. h5 Nf8 19. h6 g6 20. Bg5 $1 Bxg5 21. Nxg5 Nd7 22. Bxc6
$1 Bxc6 23. Qg4 (23. Qg4 {/\Nxe6} Bd5 (23... Nf8 24. Qf4 Rb7 25. Qf6 $18) 24.
Qf4 Rf8 25. Nc5 $1 Nxc5 26. Qf6 $18) 1-0

[Event "Interzonal-16"]
[Site "Biel"]
[Date "1993.??.??"]
[Round "7"]
[White "Ivanchuk, Vassily"]
[Black "Lputian, Smbat G"]
[Result "1-0"]
[WhiteElo "2705"]
[BlackElo "2565"]
[Annotator "Blatny,P"]
[PlyCount "69"]
[EventDate "1993.07.16"]
[EventType "swiss"]
[EventRounds "13"]
[EventCountry "SUI"]
[SourceTitle "CBM 037"]
[Source "ChessBase"]
[SourceDate "1993.12.01"]
[SourceVersion "1"]
[SourceVersionDate "1993.12.01"]
[SourceQuality "1"]

1. e4 {Ambroz} c5 2. Nf3 Nc6 3. Bb5 e6 4. O-O (4. Bxc6 bxc6 5. O-O Ne7 6. d3
Ng6 7. Nbd2 d6 (7... Be7 $142 8. Nb3 e5 $5 9. c3 O-O 10. Re1 d6 11. d4 exd4 12.
cxd4 c4 13. Nbd2 d5 14. Nf1 Bb4 15. Bd2 Rb8 $10 {Huebner-Gulko/Biel izt/1993/})
8. Nc4 Be7 9. Bd2 O-O 10. a3 f5 11. e5 d5 12. Na5 $14 {Huebner-Abramovic/Biel
izt/1993/}) (4. Nc3 Nd4 5. O-O a6 6. Bd3 Ne7 7. Nxd4 cxd4 8. Ne2 Nc6 9. c3 Bc5
10. b3 O-O 11. cxd4 Nxd4 12. Bb2 Nxe2+ $10 {Arencibia-Illescas/Biel izt/1993/})
4... Nge7 5. c3 (5. b3 $5 {Ambroz} Nd4 6. Nxd4 cxd4 7. c3 {Akopian-Sveshnikov,
Rostov (op) 1993}) 5... a6 6. Ba4 b5 7. Bc2 Bb7 8. d4 (8. Re1 Rc8 9. a4 Ng6 10.
axb5 axb5 11. d4 cxd4 12. Nxd4 Nxd4 13. cxd4 Be7 14. Bd3 b4 15. Be3 O-O 16. Nd2
f5 $5 17. d5 Ne5 $13 {Spasov-Gulko/Biel izt/1993/} (17... fxe4 18. Bxe4 Bxd5 (
18... exd5 19. Qb3 $1) 19. Bxd5 exd5 20. Qh5 $36)) 8... cxd4 9. Nxd4 (9. cxd4 {
Ambroz} Nb4 10. Nc3 Nxc2 11. Qxc2 Ng6 $15 {De La Graza-Gulko, USA 1987}) 9...
d5 (9... Ng6 10. f4 (10. a4 {Ambroz} b4 11. Nxc6 Bxc6 12. cxb4 Qb8 $36 {
Zarnicki-Tukmakov, Andorra 1991}) 10... Be7 (10... Bc5 11. Be3 Qe7 12. Nd2 O-O
13. Qh5 Rac8 $1 $13 {Psakhis-Sherbakov, Moscow 1992}) 11. Be3 O-O 12. Nd2 Qc7
13. Rc1 Rad8 14. Qh5 e5 15. Nxc6 dxc6 16. f5 Nf4 17. Bxf4 exf4 18. Nf3 c5 19.
Rce1 Bf6 20. e5 Bxf3 21. Rxf3 Rfe8 $13 {Wolff-Abramovic/Biel izt/1993/}) 10.
Nxc6 Bxc6 (10... Nxc6 11. exd5 Qxd5 12. Qxd5 exd5 13. Be3 (13. Re1+ $5 Be7 14.
Bg5 O-O $1 (14... f6 15. Be3 (15. Bf4 {Ambroz} O-O 16. Bb3 Rad8 17. Nd2 Kf7 18.
Nf3 $14 {/\ Rad1} (18. Bc7 Rd7 19. Bb6 Ne5) 18... Na5 19. Bc7 Nxb3 20. Bxd8
Nxa1 21. Rxe7+ Kg8 22. Bb6 $18 Bc8 23. Nd4 {/\ Re1}) 15... O-O 16. a4 $14) (
14... O-O-O 15. Bf5+ (15. Rxe7 $2 Nxe7 16. Bxe7 Rde8 $19) (15. Bxe7 Rde8 (15...
Rhe8 $2 16. Bf5+ Kb8 17. Bd6+ $1 $18) 16. a4 Rxe7 17. Rxe7 Nxe7 18. axb5 axb5
19. Bd3 Bc6 20. Bxb5 $16) 15... Kc7 (15... Kb8 $4 16. Bxe7 {/\Bd6+ +-}) 16.
Bxe7 Rde8 17. Nd2 $14) 15. Bxe7 Rfe8 16. Nd2 (16. a4 Rxe7 17. Rxe7 Nxe7 18.
axb5 axb5 19. Rxa8+ Bxa8 20. Na3 Bc6 21. Bd3 $16) 16... Rxe7 17. Rxe7 Nxe7 18.
Nb3 $14) 13... O-O-O 14. Bb6 Re8 15. Rd1 g6 $1 16. Nd2 Bg7 17. Nf1 Re6 18. Bb3
Ne5 19. Bd4 f6 {+/=/= Anand-Sveshnikov/Biel izt/1993/}) 11. e5 Ng6 12. Re1 b4 (
12... Be7 {Ambroz} 13. Nd2 O-O 14. Nb3 a5 (14... f5 15. exf6 Rxf6 16. Nd4 Bd7
17. Qh5 $14 e5 18. Bxg6 Rxg6 19. Qxe5) 15. Nd4 Bd7 16. Qh5) (12... Bc5 {Ambroz}
13. Be3 $1 Bxe3 $6 14. Rxe3 Qb6 15. Qg4 $14 {Ye Jiangchuan-Ambarcumjan,
Beijing 1991}) (12... Qc7 {Ambroz} 13. Qd4 Bd7 $1 14. Nd2 Bc5 15. Qg4 h5 16.
Qe2 Nf4 17. Qf3 Ng6 {1/2, Ye Rongguang-Sveshnikov, Moscow 1992}) (12... f5 {
Ambroz} 13. exf6 Qxf6 14. Qg4 $1 e5 15. Bg5 Qd6 16. Bxg6+ hxg6 17. Bf4 Rh5 18.
Qg3 $16) 13. Nd2 bxc3 14. bxc3 Be7 15. Nb3 Qc7 (15... O-O $5 16. Nd4 Bd7 17. f4
(17. Qh5 {Ambroz /\ Re1-e3-h3 ->}) 17... Bc5 18. Kh1 f5 $10 (18... f5 19. exf6
Qxf6 $132)) 16. Qh5 Ba4 17. Bd2 Bc5 18. Qg4 Bxb3 19. axb3 $14 {^^} O-O 20. Qg3
Rfd8 21. Ra4 d4 22. Rc4 Qa7 23. h4 d3 (23... dxc3 24. Bxc3 Bf8 25. h5 (25. Ra1
$5 {+/=/+/-}) 25... Ne7 26. Rg4 (26. Bb4 $5) (26. Bb4 $5 {Ambroz ><g7} Rac8 $1)
26... Rac8 $132) 24. Bd1 Rd7 $2 (24... a5 $142 {><b4}) (24... a5 $142 {Ambroz})
25. h5 Ne7 26. h6 g6 (26... Nf5 27. Qf3 {/\hxg7->} (27. Qf3 {Ambroz} g6 $2 28.
g4 $18)) 27. Qf3 Nd5 28. b4 $1 Bf8 (28... Bb6 29. Ba4 $1 Rdd8 (29... Rc7 30.
Bc6 Rac8 31. Bxd5 Rxc4 32. Qf6 $1 Bxf2+ 33. Kf1 $1 Kf8 34. Qg7+ Ke8 35. Qg8+
Ke7 36. Bg5+ $18) 30. Bc6 Rab8 31. Bxd5 exd5 (31... Rxd5 32. Qf6) 32. Qf6 Bxf2+
33. Kf1 (33. Kh1 {Ambroz} Kf8 34. Qh8+ Ke7 35. Bg5+ Kd7 36. e6+ fxe6 37. Qg7+)
33... Kf8 34. Qh8+ Ke7 35. Bg5+ Kd7 36. e6+ $1 fxe6 37. Qg7+ $18) 29. Rd4 Rc8
30. Rxd3 Rdc7 31. Bb3 Nb6 32. Ra1 Nc4 $6 33. Bxc4 Rxc4 34. b5 $18 a5 35. b6 (
35. b6 Qxb6 (35... Qe7 36. Rxa5 {/\Rxa7+-}) 36. Rd7 f5 37. exf6 Kh8 $8 38. f7
e5 39. Bg5 $1 R4c6 $8 40. Rb7 $1 Qa6 41. Rxa5 $1 $18) 1-0

[Event "Podgorica"]
[Site "Podgorica"]
[Date "1993.??.??"]
[Round "10"]
[White "Makarov, Marat"]
[Black "Damljanovic, Branko"]
[Result "1-0"]
[WhiteElo "2515"]
[BlackElo "2550"]
[Annotator "Blatny,P"]
[PlyCount "55"]
[EventDate "1993.02.??"]
[EventType "tourn"]
[EventRounds "13"]
[EventCountry "YUG"]
[EventCategory "10"]
[SourceTitle "CBM 036"]
[Source "ChessBase"]
[SourceDate "1993.10.01"]
[SourceVersion "1"]
[SourceVersionDate "1993.10.01"]
[SourceQuality "1"]

1. e4 c5 2. Nc3 Nc6 3. Nf3 e6 4. Bb5 Nd4 5. O-O a6 6. Bd3 Nxf3+ (6... Ne7 7.
Nxd4 cxd4 8. Ne2 Nc6 9. b3 $14) 7. Qxf3 d6 (7... g6 8. b3 Bg7 9. Bb2 Ne7 $2 10.
Nb5 $1 O-O $8 11. Bxg7 Kxg7 12. Nd6 Nc6 13. Qe3 $1 {/\e5,f4+/-}) 8. Nd1 Ne7 (
8... g6 9. b4 $1 cxb4 (9... Bg7 10. Rb1 cxb4 11. Rxb4 $14) 10. Bb2 f6 (10... e5
$2 {><d5} 11. Ne3 Bg7 12. a3 $1 bxa3 13. Bxa3 $40) 11. Ne3 Bg7 12. a3 bxa3 13.
Bxa3 $44) 9. b3 (9. c3 $6 Nc6 10. Bc2 g6 {/\Bg7=/+}) 9... Bd7 10. Bb2 Ng6 11.
Qg3 e5 12. f4 $5 (12. Ne3 Nf4 13. Nd5 g5 $1 $132) 12... exf4 13. Rxf4 Nxf4 14.
Qxf4 Be6 (14... g5 $142 15. Qf3 Rg8 16. Bc4 Be6 $8 17. Ne3 Bg7 18. Rf1 $1 Qe7 (
18... Qd7 19. Bxg7 Rxg7 20. Bxe6 Qxe6 21. Nf5 Rg6 (21... Kf8 $142 $14) 22.
Nxd6+ $1 Ke7 (22... Kf8 23. Qxf7+ Qxf7 24. Rxf7+ Kg8 25. Rd7 b6 26. Nf5 $14 {
_|_}) (22... Qxd6 $2 23. Qxf7+ Kd8 24. Qf8+ $18) 23. e5 Rb8 24. Qc3 $1 (24.
Qxf7+ Qxf7 25. Rxf7+ Ke6 26. Rxh7 b6 27. Ra7 Kxe5 28. Nc4+ {/\Rxa6+/- _|_})
24... f6 $8 25. Qxc5 Kd7 $8 26. Qa7 Kc7 27. d4 g4 28. c4 h5 29. Rf5 $1 $18) 19.
Bxe6 fxe6 (19... Qxe6 20. Bxg7 Rxg7 21. Nf5 {--> line 18...Qd7}) 20. Qh5+ Kd8
21. Rf7 Bxb2 22. Rxe7 Kxe7 23. c3 $1 Rg7 24. Nc4 Bc1 25. Nb6 $1 {/\Qd1,Nc4+-})
15. Ne3 Be7 (15... Qd7 16. Nd5 Bxd5 17. exd5 $40) (15... g5 16. Qf3 Rg8 17. Nf5
$5 (17. Bc4 {--> 14...g5}) 17... Bxf5 (17... Qd7 $5) 18. Qxf5 $40) 16. Bxg7 Bg5
17. Qf3 Rg8 18. Bc3 Bxe3+ 19. Qxe3 Qh4 20. Rf1 O-O-O (20... Qg4) 21. Bf6 Qg4
22. Qf3 $5 Rd7 $2 {צd7} (22... Qxf3 23. Rxf3 Rde8 {/\b5,Bd7-c6=}) 23. Qxg4
Bxg4 24. Rf4 h5 (24... Be6 $142 $14) 25. Kf2 d5 $6 26. e5 b5 27. h3 c4 $4 (
27... Be6 28. Be2 $16) 28. Bh7 $18 1-0

[Event "Podolsk"]
[Site "Podolsk"]
[Date "1992.??.??"]
[Round "?"]
[White "Gipslis, Aivars P"]
[Black "Sveshnikov, Evgeny"]
[Result "1/2-1/2"]
[WhiteElo "2465"]
[BlackElo "2525"]
[Annotator "Blatny,P"]
[PlyCount "55"]
[EventDate "1992.12.??"]
[EventType "tourn"]
[EventRounds "11"]
[EventCountry "RUS"]
[EventCategory "11"]
[SourceTitle "CBM 033"]
[Source "ChessBase"]
[SourceDate "1993.04.01"]
[SourceVersion "1"]
[SourceVersionDate "1993.04.01"]
[SourceQuality "1"]

1. e4 c5 2. Nf3 e6 3. Nc3 Nc6 4. Bb5 Nd4 5. Bd3 (5. O-O Ne7 6. Nxd4 cxd4 7. Ne2
a6 8. Bd3 Nc6 9. c3 $14 {--> Zaitsev-Sveshnikov, Podolsk 1992}) 5... Ne7 6. O-O
Nec6 7. b3 g6 8. Nxd4 cxd4 (8... Nxd4 9. Bb2 Bg7 10. Nb5 O-O 11. Nxd4 cxd4 12.
f4 f5 13. exf5 gxf5 14. Qf3 {+/= Gipslis-Fustlu, Berlin 1991}) 9. Ne2 Bg7 10.
Ba3 d6 11. f4 f5 12. exf5 exf5 (12... gxf5 13. Ng3 $36) 13. Bc4 $1 d5 14. Bb5
Qb6 (14... Kf7 15. Bxc6 bxc6 16. Bc5 $14 {קd4}) 15. Re1 Kf7 (15... d3+ 16. Kh1
dxe2 17. Qxe2+ Kf7 18. Bxc6 $18) 16. Bxc6 bxc6 17. Nc1 $1 d3+ 18. Kh1 Bxa1 19.
Re7+ Kg8 (19... Kf6 20. Qe1 g5 (20... h6 21. Nxd3 {/\Qh4+-}) 21. Nxd3 Bd4 22.
fxg5+ Kxg5 23. Qg3+ Kh6 24. Qh4+ Kg6 25. Nf4#) (19... Kf8 20. Rxa7+ $18) 20.
Re8+ Kg7 21. Re7+ Kg8 (21... Kh6 $2 22. Qf3) 22. Qe1 (22. c3 $142 Bd7 (22...
Ba6 $2 23. Qe1 c5 24. Qe5 $18) 23. Qe1 (23. Nxd3 Re8 24. Rxd7 Qa6 $1 25. Ne5
Qxa3) 23... Qd8 (23... Qc7 $2 24. Nxd3 {/\Nc5-e6 +-}) 24. Qe5 $1 (24. Nxd3 $2
h6 25. Nc5 Rh7) 24... Qf8 (24... Qxe7 25. Bxe7 {/\Nxd3,Nc5+- צa8,Ba1}) 25.
Rxd7 $1 Re8 $8 26. Rg7+ $1 $18) (22. Re8+ $10) 22... Bf6 23. Nxd3 (23. Re8+ Kg7
24. Rxh8 c5 $1) 23... c5 (23... Bxe7 24. Qxe7 Ba6 25. Ne5 Qb7 26. Nd7 $1 $18) (
23... h5 24. Re8+ Kh7 25. Re7+ Kh6 26. Rf7 c5 (26... Qd8 27. Ne5 Re8 28. Qg3
Bxe5 29. Be7 $1 Qxe7 $8 30. Rxe7 Rxe7 31. Qg5+ Kh7 32. Qxe7+ Bg7 33. Qc7 d4 34.
Qxc6 Rb8 35. Qc7 Ra8 $14 {_|_ צa8,Bc8}) 27. Bxc5 Qc6 28. Be7 Bg7 $8 29. Bg5+
Kh7 30. Qe7 Rg8 31. Bf6 Qb7 32. Qxb7 Bxb7 33. Rxb7 Rac8 34. c3 $16 {_|_}) 24.
Bxc5 (24. Re8+ Kg7 25. Rxh8 Kxh8 26. Qe8+ Kg7 27. Bxc5 Qd8 $1) 24... Qc6 (24...
Qd8 25. Re8+ Qxe8 (25... Kg7 26. Rxd8 Rxd8 27. Be7 $1) (25... Kf7 26. Rxd8 Rxd8
27. Ne5+ $14) 26. Qxe8+ Kg7 27. Qc6) 25. Re8+ Kg7 (25... Kf7 26. Ne5+ Kxe8 (
26... Bxe5 27. Re7+ $1) 27. Nxc6+ Kf7 28. Ne5+ $18) 26. Re7+ Kg8 (26... Kh6 27.
Bd4 $3 Qd6 (27... Bd7 28. Qe3 $18) (27... Bxe7 28. Qxe7 $18) 28. Rf7 Qe6 29.
Ne5 {/\Rxf6+-}) 27. Re8+ (27. b4 Bxe7 (27... d4 $1 28. b5 Qd5 29. Re8+ Kg7 30.
Re7+ Bxe7 31. Qxe7+ Kh6 $1 32. Qh4+ $10) 28. Qxe7 Be6 29. Bd4 Bf7 (29... Qd7
30. Qf6) 30. Qe5 $18) 27... Kg7 28. Re7+ 1/2-1/2

[Event "Taastrup"]
[Site "Taastrup"]
[Date "1992.??.??"]
[Round "?"]
[White "Wahls, Matthias"]
[Black "Hutters, Tomas"]
[Result "1-0"]
[WhiteElo "2570"]
[BlackElo "2445"]
[Annotator "Blatny,P"]
[PlyCount "91"]
[EventDate "1992.02.??"]
[EventType "tourn"]
[EventRounds "9"]
[EventCountry "DEN"]
[EventCategory "13"]
[SourceTitle "CBM 028"]
[Source "ChessBase"]
[SourceDate "1992.06.01"]
[SourceVersion "1"]
[SourceVersionDate "1992.06.01"]
[SourceQuality "1"]

1. e4 c5 2. Nf3 Nc6 3. Bb5 e6 4. O-O Nge7 5. c3 d5 6. exd5 Qxd5 7. Re1 Bd7 8.
Na3 Ng6 9. Bf1 Rc8 10. Nc2 Be7 11. d4 cxd4 12. Ncxd4 Nxd4 13. Nxd4 {<< 3P:2P}
a6 14. Qb3 Qxb3 15. axb3 {/\<->a,Pb4-b5 -><<} Bc5 16. Be3 e5 {/\ 3P:4P >>} 17.
Nc2 Bxe3 18. Nxe3 {><d5,/^a8-h1} O-O 19. Nc4 Be6 20. Nd6 (20. Nxe5 Nxe5 21.
Rxe5 Bxb3 $10) 20... Rc7 21. b4 Rd8 22. Ne4 $8 Kf8 (22... f5 23. Nc5 Bd5 24. c4
Bf7 25. Rad1 $36) 23. g3 {/^h1-a8,פg6 Ng6-e7:Kf8-e7} f6 {/\Kf7,Ne7} 24. h4 Kf7
25. Nc5 Nf8 {/\Ne6-c5,d4,f4} 26. Rad1 Rxd1 27. Rxd1 Ke7 {/\/^a2-g8, B(f7|c8),
Ne6} 28. Nxe6 Nxe6 29. Bg2 Nd8 {/\Rd7 --> _|_B:N =} 30. Kf1 Rd7 31. Rb1 {
R+B >= R+N} f5 (31... Rd2 32. Ke1) 32. Ke2 Nf7 33. Ra1 e4 {/^a8-h1,ץg2,><d3,f3
} 34. Ra5 {<->5} Kf6 $4 (34... g6 $142 {/\Kf6,Ne5}) 35. Rxf5+ $1 $18 Kxf5 36.
Bh3+ Ke5 37. Bxd7 Nd6 38. b3 Kd5 39. Ke3 Ke5 40. c4 g6 41. g4 Nf7 42. c5 Nd8
43. g5 Nc6 44. Bc8 Nd8 45. Bh3 Nc6 46. Bg2 (46. Bg2 Nxb4 47. Bxe4 {><b7, _|_5P:
4P}) 1-0